<The> 1994 information please business almanac & desk reference

Na minha lista:
Detalhes bibliográficos
Formato: Livro
Idioma:inglês
Publicado em: Boston Houghton Mifflin Company 1993
Assuntos:
Tags: Adicionar Tag
Sem tags, seja o primeiro a adicionar uma tag!

MARC

LEADER 00000nam a2200000 4500
001 c124415
005 20240325083144.2
020 |a 0-395-64384-8 
022 |a 1070-4639 
041 0 |a eng 
044 |a US 
245 1 0 |a <The> 1994 information please business almanac & desk reference 
264 1 |a Boston  |b Houghton Mifflin Company  |c 1993 
300 |a 745 s. 
610 2 0 |a podnik 
610 2 0 |a firmy 
610 2 0 |a podnikanie 
610 2 0 |a spoločnosti obchodné 
610 2 0 |a Amerika